| 000 -LEADER |
| fixed length control field |
00964cam a2200277 i 4500 |
| 020 ## - INTERNATIONAL STANDARD BOOK NUMBER |
| ISBN |
9789291150908 (printed) (v. 1) |
| 020 ## - INTERNATIONAL STANDARD BOOK NUMBER |
| ISBN |
9789291150915 (electronic) (v. 1) |
| 020 ## - INTERNATIONAL STANDARD BOOK NUMBER |
| ISBN |
9789291150953 (printed) (v. 2) |
| 020 ## - INTERNATIONAL STANDARD BOOK NUMBER |
| ISBN |
9789291150960 (electronic) (v. 2) |
| 020 ## - INTERNATIONAL STANDARD BOOK NUMBER |
| ISBN |
9789291152650 (printed) (v. 3) |
| 020 ## - INTERNATIONAL STANDARD BOOK NUMBER |
| ISBN |
9789291152667 (electronic) (v. 3) |
| 020 ## - INTERNATIONAL STANDARD BOOK NUMBER |
| ISBN |
9291150908 (pbk.) (v. 1) |
| 020 ## - INTERNATIONAL STANDARD BOOK NUMBER |
| ISBN |
9291150959 (pbk.) (v. 2) |
| 040 ## - CATALOGING SOURCE |
| Transcribing agency |
DKAGE |
| 082 04 - DEWEY DECIMAL CLASSIFICATION NUMBER |
| Classification number |
363 IMK 2011 C151 Or. |
| 100 1# - MAIN ENTRY--AUTHOR NAME |
| Personal name |
Shrestha, Arun Bhakta., |
| 245 10 - TITLE STATEMENT |
| Title |
Resource manual on flash flood risk management / |
| 300 ## - PHYSICAL DESCRIPTION |
| Number of Pages |
3 volumes : |
| Other physical details |
illustrations (chiefly color), maps (chiefly color) ; |
| Dimensions |
30 cm + |
| Accompanying material |
2 CD-ROMs. |
| 650 #0 - SUBJECT ADDED ENTRY--TOPICAL TERM |
| Topical Term |
Flood control |
| 650 #0 - SUBJECT ADDED ENTRY--TOPICAL TERM |
| Topical Term |
Floodplain management |
| 650 #0 - SUBJECT ADDED ENTRY--TOPICAL TERM |
| Topical Term |
Flood damage prevention |
| 700 1# - ADDED ENTRY--PERSONAL NAME |
| Personal name |
Shah, Syed Harir |
| 700 1# - ADDED ENTRY--PERSONAL NAME |
| Personal name |
Karim, Rezaul |
| 710 2# - ADDED ENTRY--CORPORATE NAME |
| Corporate name or jurisdiction name as entry element |
International Centre for Integrated Mountain Development. |
| 942 ## - ADDED ENTRY ELEMENTS (KOHA) |
| Koha item type |
ADB |
| 952 ## - LOCATION AND ITEM INFORMATION (KOHA) |
| Withdrawn status [LOCAL, KOHA] |
0 |